| 000 | 01327nam a2200337Ia 4500 | ||
|---|---|---|---|
| 001 | ebr10594413 | ||
| 003 | CaPaEBR | ||
| 006 | m u | ||
| 007 | cr cn||||||||| | ||
| 008 | 920422s1992 iaua s s001 0 eng d | ||
| 010 | _z 92011196 | ||
| 020 | _z0877453926 (cloth : acid-free paper) | ||
| 020 | _z0877453934 (paper : acid-free paper) | ||
| 020 | _z9780877453932 | ||
| 020 | _z9781587290176 | ||
| 040 |
_aCaPaEBR _cCaPaEBR |
||
| 035 | _a(OCoLC)44959512 | ||
| 050 | 1 | 4 |
_aQL684.I8 _bB55 1992eb |
| 100 | 1 | _aBlack, Gladys. | |
| 245 | 1 | 0 |
_aIowa birdlife _h[electronic resource] / _cby Gladys Black ; foreword by Dean M. Roosa ; introduction by Carl Kurtz. |
| 260 |
_aIowa City : _bPublished for the Nature Conservancy by the University of Iowa Press, _cc1992. |
||
| 300 |
_axxv, 176 p. : _bill. (some col.). |
||
| 440 | 0 | _aBur oak original | |
| 500 | _aIncludes index. | ||
| 533 |
_aElectronic reproduction. _bPalo Alto, Calif. : _cebrary, _d2011. _nAvailable via World Wide Web. _nAccess may be limited to ebrary affiliated libraries. |
||
| 650 | 0 |
_aBirds _zIowa. |
|
| 650 | 0 |
_aVertebrates _zIowa. |
|
| 655 | 7 |
_aElectronic books. _2local |
|
| 710 | 2 | _aebrary, Inc. | |
| 856 | 4 | 0 |
_uhttp://site.ebrary.com/lib/rucke/Doc?id=10594413 _zAn electronic book accessible through the World Wide Web; click to view |
| 999 |
_c218140 _d218140 |
||